LDR 00935naa#a2200181#i#450# 001 RU\\bibl\122405 005 20260606212841.6 011 ## _a2414-3995 100 ## _a20260311b2026####ek#y0rusy0150####ca 102 ## _aRU 200 1# _aАктуальные вопросы противодействия незаконной миграции: отечественный и зарубежный опыт _eЖурнальная статья 210 1# _aМосква _cМосковский университет МВД России имени В.Я. Кикотя _d2026 215 ## _a4 с. 608 ## _aЖурнальная статья _2local 675 ## _aГосударственное право. Конституционное право. Административное право. 342 _z 700 #1 _aСерпионова _gАнастасия Игоревна 700 #1 _aСилуянова _gПолина Петровна 856 4# _amosumvd.editorum.ru _u